000 00789nam a2200241Ia 4500
003 GCL
008 140319s9999 xx 000 0 ara d
040 _aGCL /
_cGCL
082 0 4 _a157
_bع م
100 1 _aعبداللطيف محمد خليفة
245 1 0 _aالمعتقدات والاتجاهات: نموالمرض النفسى /
_cعبداللطيف محمد خليفة
260 _aالقاهرة :
_bدار الثقافة للنشر والتوزيع ،
_c1992
300 _a214 ص
490 _a
650 0 4 _aعلم النفس
650 0 4 _aالامراض
650 0 4 _aالعلاج النفسى
650 0 4 _aالطب النفسى
650 0 4 _aالامراض النفسية
650 0 4 _aالاتجاه
650 0 4 _aالطب الاجتماعى
942 _2ddc
_cBK
999 _c39036
_d39036